| 000 | 01089cam a2200325 i 4500 | ||
|---|---|---|---|
| 001 | on1007797486 | ||
| 003 | TZ-ArACH | ||
| 005 | 20220707140050.0 | ||
| 008 | 171027s2016 sa 000 0 fre d | ||
| 020 | _a9781920538545 | ||
| 020 | _a1920538542 | ||
| 035 | _a(OCoLC)1007797486 | ||
| 040 |
_aOI@ _beng _erda _cTZ-ArACH |
||
| 043 | _af------ | ||
| 049 | _aTZAA | ||
| 050 |
_aKQC572 _b.P56 2016 |
||
| 245 | 0 | 0 | _aTrente ans du système africain des droits de l'homme, 1986-2016. |
| 260 |
_aPretoria; _bPretoria University Law Press (PULP) _c2016. |
||
| 300 |
_a172 pages ; _c14 cm |
||
| 630 | 0 | 0 |
_aAfrican Charter on Human and Peoples' Rights _d(1981 June 27) |
| 630 | 0 | 7 |
_aAfrican Charter on Human and Peoples' Rights (1981 June 27) _2fast |
| 650 | 0 |
_aHuman rights _zAfrica. |
|
| 650 | 0 |
_aCivil rights _zAfrica. |
|
| 650 | 6 |
_aDroits de l'homme (Droit international) _zAfrique. |
|
| 650 | 7 |
_aHuman rights. _2fast |
|
| 650 | 7 |
_aCivil rights. _2fast |
|
| 651 | 7 |
_aAfrica. _2fast |
|
| 710 | 2 |
_aUniversity of Pretoria. _bCentre for Human Rights, _eissuing body. |
|
| 942 |
_2lcc _cBOOK |
||
| 999 |
_c6751 _d6751 |
||